Report of the Committee appointed by Speaker to report to him on the Review of the Administrative Services of the House of Commons, conducted by Sir Edmund Compton, United Kingdom (Record no. 490784)

000 -LEADER
fixed length control field 00776cam a22001457a 4500
008 - FIXED-LENGTH DATA ELEMENTS--GENERAL INFORMATION
fixed length control field 180718b1975 xxu||||| |||| 00| 0 eng d
082 ## - DEWEY DECIMAL CLASSIFICATION NUMBER
Classification number G2x42 Un3
100 ## - MAIN ENTRY--PERSONAL NAME
Personal name United Kingdom. Committee appointed by Mr. Speaker to report to him on the Review of the Administrative Services of the House of Commons, conducted by Sir Edmund Compton
245 ## - TITLE STATEMENT
Title Report of the Committee appointed by Speaker to report to him on the Review of the Administrative Services of the House of Commons, conducted by Sir Edmund Compton, United Kingdom
Statement of responsibility, etc. by House of Commons, United Kingdom
260 ## - PUBLICATION, DISTRIBUTION, ETC.
Place of publication, distribution, etc. London
Name of publisher, distributor, etc. Her Majesty's Stationery Office
Date of publication, distribution, etc. 1975
300 ## - PHYSICAL DESCRIPTION
Extent 135+p.
500 ## - GENERAL NOTE
General note Chairman: Arthur Bottomley
700 ## - ADDED ENTRY--PERSONAL NAME
Personal name Bottomley, Arthur (Chairman)
700 ## - ADDED ENTRY--PERSONAL NAME
Personal name United Kingdom. House of Commons
Holdings
Withdrawn status Lost status Damaged status Not for loan Permanent Location Current Location Date acquired Full call number Barcode Date last seen Price effective from Koha item type
        Indian Institute of Public Administration Indian Institute of Public Administration 2018-08-04 G2x42 Un3 G13545 2018-08-04 2018-08-04 G

Powered by Koha